• 首页
  • 本馆介绍
  • 公告通知
  • 最新文献
  • 馆藏检索
  • 电子资源
  • 读者导购
  • 参考咨询
  • 我的图书馆
  • 登录
  • 详细信息显示
  • 放入我的书架
  • 预约/预借图书
  • 作者相关作品
  • 分类相关作品
  • 丛书相关作品
  • 出版社相关作品

书目信息

  • 表格格式
  • 工作单格式
  • 卡片格式
题名:
回忆列宁
    
 
作者: 侯焕闳 译
分册: 第五卷   同时代外国人的回忆
出版信息: 北京   人民出版社  1982.08
页数: 573页
开本: 20cm
丛书名:
单 册:
中图分类: A732
科图分类:
主题词: 列宁--生平事迹 , 列宁--传记
电子资源:
ISBN:
000 00642nam0 2200217 45
001 0181023688
005 20060813094936.82
010    @dCNY1.85
091    @a11001.467
100    @a20810111d km y0chiy0120 ea
101 0  @achi
200 1  @AHUI YI LIE NING@FHou Huan Hong Yi@a回忆列宁@h第五卷@i同时代外国人的回忆@f侯焕闳译
210    @a北京@c人民出版社@d1982.08
215    @a573页@d20cm
517    @a同时代外国人的回忆@ATong Shi Dai Wai Guo Ren De Hui Yi
606 0  @a列宁@x生平事迹
606 0  @a列宁@x传记
690    @aA732@v3
701  0 @a侯焕闳@4译
801    @aCN@bTSTC@c20060813
905    @dA732@e14:5@f1@b79646@b79650@f1@f1@b79648
    
    回忆列宁.第五卷.同时代外国人的回忆/侯焕闳译.-北京:人民出版社,1982.08
    573页;20cm
    
    
    ISBN :CNY1.85
    
●
相关链接 在E读中查询图书 在五车中查询图书 在当当中查询图书 在豆瓣中查询图书


正题名:回忆列宁     索取号:A732/14:5         预约/预借

序号 登录号 条形码 馆藏地/架位号 状态 备注
1 0079646   001860917   密集书库/ [索取号:A732/14:5] 在馆    
2 0079647   000954051   第一样本阅览室/ [索取号:A732/14:5] 在馆    
3 0079648   001860953   密集书库/ [索取号:A732/14:5] 在馆    
4 0079649   001662481   密集书库/ [索取号:A732/14:5] 在馆    
5 0079650   001860873   密集书库/ [索取号:A732/14:5] 在馆    
6 0448805   204488054   密集书库/ [索取号:A732/14:5] 在馆    
7 0459208   204592084   密集书库/ [索取号:A732/14:5] 在馆    
唐山师范学院图书馆 欢迎您!
大连网信软件有限公司© 版权所有